UBT Library

Auditing and accounting cases : (Record no. 45182)

000 -LEADER
fixed length control field 00860cam a2200265 a 4500
001 - CONTROL NUMBER
control field 16056039
005 - DATE AND TIME OF LATEST TRANSACTION
control field 20180315110130.0
008 - FIXED-LENGTH DATA ELEMENTS--GENERAL INFORMATION
fixed length control field 100115s2011 nyu b 000 0 eng
010 ## - LIBRARY OF CONGRESS CONTROL NUMBER
LC control number 2009054311
020 ## - INTERNATIONAL STANDARD BOOK NUMBER
International Standard Book Number 9780078110818 (alk. paper)
020 ## - INTERNATIONAL STANDARD BOOK NUMBER
International Standard Book Number 0078110815
035 ## - SYSTEM CONTROL NUMBER
System control number (OCoLC)ocn500185827
040 ## - CATALOGING SOURCE
Original cataloging agency DLC
Transcribing agency DLC
Modifying agency YDX
-- YDXCP
-- DLC
041 ## - LANGUAGE CODE
Language code of text/sound track or separate title eng
043 ## - GEOGRAPHIC AREA CODE
Geographic area code n-us---
080 ## - UNIVERSAL DECIMAL CLASSIFICATION NUMBER
Universal Decimal Classification number 657.450973 THIB
082 00 - DEWEY DECIMAL CLASSIFICATION NUMBER
Classification number 657.450973 THIB
Edition number 22
100 1# - Rafti
Rafti 62
101 ## - Shkurtesa
Shkurtesa AUD
245 10 - TITLE STATEMENT
Title Auditing and accounting cases :
Statement of responsibility, etc Jay C. Thibodeau, Deborah Freier.
504 ## - BIBLIOGRAPHY, ETC. NOTE
Bibliography, etc Includes bibliographic references.
906 ## - LOCAL DATA ELEMENT F, LDF (RLIN)
a 7
b cbc
c orignew
d 1
e ecip
f 20
g y-gencatlg
942 ## - ADDED ENTRY ELEMENTS (KOHA)
Source of classification or shelving scheme
Item type Books
Holdings
Withdrawn status Lost status Source of classification or shelving scheme Damaged status Not for loan Collection code Permanent location Current location Shelving location Date acquired Total Checkouts Full call number Barcode Date last seen Price effective from Koha item type
          Koleksioni i përgjithshem UBT - Lipjan UBT - Lipjan Koleksioni i përgjithshem 03/15/2018   657.450973 THIB 002-3001648 03/15/2018 03/15/2018 Books
          Koleksioni i përgjithshem UBT - Lipjan UBT - Lipjan Koleksioni i përgjithshem 03/15/2018   657.450973 THIB 002-3001643 03/15/2018 03/15/2018 Books
UBT Library © 2015-2024. All rights reserved University Education for Business and Technology